Más allá del sol
שמור ב:
| מחבר ראשי: | |
|---|---|
| פורמט: | ספר |
| שפה: | ספרדית |
| יצא לאור: |
Madrid
Espasa-Calpe
1977
|
| מהדורה: | 3a. ed |
| סדרה: | Colección Austral, 443
|
| נושאים: | |
| תגים: |
הוספת תג
אין תגיות, היה/י הראשונ/ה לתייג את הרשומה!
|
MARC
| LEADER | 00000nam a2200000 a 4500 | ||
|---|---|---|---|
| 001 | UCW5515 | ||
| 003 | CL-VaPUC | ||
| 008 | 910513e19770000SP |||||||||||||||||spa|d | ||
| 082 | 0 | 4 | |a 523.11 |b PAP |2 21 |
| 100 | |a Papp, Desiderio |e autor |9 535643 | ||
| 245 | 1 | 0 | |a Más allá del sol |
| 250 | |a 3a. ed | ||
| 300 | |a 152 p | ||
| 942 | |c BK | ||
| 945 | |d 19910513 00:00:00 | ||
| 260 | |a Madrid |b Espasa-Calpe |c 1977 | ||
| 650 | 7 | |a ESTRELLAS |2 CL-VaPUC |9 310511 | |
| 650 | 7 | |a UNIVERSO EN EXPANSION |2 CL-VaPUC |9 310512 | |
| 650 | 0 | |a Cosmología |9 269138 | |
| 583 | |a last modification |c 19910513 00:00:00 |k Rodrigo Vera | ||
| 490 | 0 | |a Colección Austral, 443 | |
| 999 | |c 218927 |d 218925 | ||
| 952 | |0 0 |1 0 |4 0 |6 523_110000000000000_PAP_1977 |7 0 |8 P |9 209268 |a BIBEDU |b BIBEDU |c BIBEDU_PB |d 2019-11-15 |i 2770830 |o 523.11 PAP 1977 |p 2770830 |r 2024-01-25 |w 2019-11-15 |y BK |k EDU | ||
| 952 | |0 0 |1 0 |4 0 |6 523_110000000000000_PAP_1977 |7 0 |8 A |9 209269 |a BIBING |b BIBING |d 2019-11-15 |i 1654896 |o 523.11 PAP 1977 |p 1654896 |r 2025-01-20 |w 2019-11-15 |y BK |k GEO | ||